Original

Bibliographic Details
Main Author: H.M. Tuah Iskandar (Author)
Other Authors: Mohd Ali Hj. Mohd Noor (Editor)
Format: Book
Language:Malay
Published: Petaling Jaya
Subjects:

MARC

LEADER 00000cam a2200000 7i4500
001 0000029947
005 20220815.0
008 220809 my may
020 |a 9831240588 
040 |a INS   |b eng   |e rda 
090 0 0 |a PL5186.H68   |b O75 2001 
100 0 |a H.M. Tuah Iskandar ,   |e author 
245 1 0 |a Original   |c H.M. Tuah Iskandar   |f editor Mohd Ali Hj. Mohd Noor 
264 1 |a Petaling Jaya 
300 |a 473 pages :   |b Alaf 21 Sendiri Berhad. ;   |c 2001. 
336 |a text  |2 rdacontent 
337 |a unmediated  |2 rdamedia 
338 |a volume  |2 rdacarrier 
650 1 0 |a Malay fiction 
700 0 |a Mohd Ali Hj. Mohd Noor ,   |e editor 
999 |a 0000024855   |b BOOK   |c Open Shelf   |e Default branch